Language Quiz

Random Language or Letter Quiz

Official Languages (A-Z) Quiz Stats

Quiz Updated Oct 12, 2016

Challenge
Share
Tweet
Embed
Score 0/25 Timer 04:00
1 Play Today
Letter Language % Correct
EEnglish...
98.2%
FFrench...
98%
SSpanish...
96.9%
GGerman...
96%
CCantonese...
93.8%
AArabic...
92.6%
PPortuguese...
90.3%
DDutch...
90.1%
MMandarin...
88.1%
RRussian...
88%
HHindi...
86.8%
IItalian...
86.5%
TTurkish...
83%
Letter Language % Correct
LLatvian...
79.8%
BBengali...
69.9%
UUkrainian...
69.8%
KKorean...
68%
NNorwegian...
62.9%
VVietnamese...
55.8%
ZZulu...
47.7%
WWelsh...
47.6%
XXhosa...
20.5%
QQuechua...
15.2%
YYoruba...
11.5%
OOromo, Oriya
4.6%

You're not logged in!

Compare scores with friends on all Sporcle quizzes.
Sign Up with Email
OR
Log In

You Might Also Like...

Show Comments

Extras

Top Quizzes Today


Score Distribution

Your Account Isn't Verified!

In order to create a playlist on Sporcle, you need to verify the email address you used during registration. Go to your Sporcle Settings to finish the process.